| 000 | 00456nam a2200169 4500 | ||
|---|---|---|---|
| 003 | LK-CoMWRAF | ||
| 005 | 20240503110451.0 | ||
| 008 | 240131b |||||||| |||| 00| 0 eng d | ||
| 040 |
_aLK-CoMWRAF _dLK-CoMWRAF _eLK-CoMWRAF |
||
| 041 | _aeng | ||
| 082 |
_a912.5493 _bMAP |
||
| 245 | _aMap of Sri Lanka | ||
| 260 |
_a[Ratmalana]: _bSarvodaya vishva lekha, _cn.d. |
||
| 300 | _aunnumbered pg. | ||
| 650 | _a PHYSICAL GEOGRAPHY-Sri Lanka - Maps | ||
| 942 | _cBK | ||
| 999 |
_c4708 _d4708 |
||